Statistics for Guess the Moste Gulpinouse Definitione

Click here to take the quiz!

General Stats

  • This quiz has been taken 8 times
  • The average score is 5 of 7

Answer Stats

HintAnswer% Correct
Moste Primordiale Forme of Atmospheric-e Pressure-ePig
100%
Moste Moderne Forme of SaturnePig
100%
Moste Primordiale Forme of Gaseouse AnimalesPig
100%
Moste Potente Forme of DistractioneJetpunk
75%
Moste Primordiale Forme of Energy-eBean
50%
Moste Primordiale Forme of HomeworkeMiro Team
50%
Moste Potente Forme of Travelepropulsion
50%

Score Distribution

Percentile by Number Answered

Percent of People with Each Score

Your Score History

You have not taken this quiz